000 00466nab a2200145Ia 4500
003 ES-SlBCS
005 20210601133907.0
008 140529s1987 xxu||||| |||| 00| 0 por d
041 _apor
100 1 _aFradique Morujâo, Alexandre
_9207994
245 0 0 _aO itinerário filosófico de Sampaio Bruno
_c Alexandre Fradique Morujâo
650 0 4 _aSampaio Bruno
_9207289
773 0 _tRevista Portuguesa de Filosofia
_gvol. 43, 1987, págs. 225-242
_wRev379
942 _cAR
999 _c603819
_d603819